| 000 | 00741nam a22002655i 4500 | ||
|---|---|---|---|
| 001 | 11708 | ||
| 003 | ES-MaACL | ||
| 005 | 20230906150145.0 | ||
| 007 | t| | ||
| 008 | 930114s1992 sp ||||0| spa j | ||
| 020 | _a84-406-3276-2 | ||
| 040 |
_aM-BN _bspa _cM-BN |
||
| 080 | _a820-31"19" | ||
| 100 | 1 |
_aJames, P. D. ( _d1920-2014) _9160194 |
|
| 245 | 1 | 0 |
_aHijos de hombres / _cP.D. James ; traducción, Jordi Mustieles. |
| 250 | _a[1ª ed.]. | ||
| 260 |
_aBarcelona : _bEdiciones B, _c1992. |
||
| 300 |
_a314 p ; _c22 cm. |
||
| 490 | 1 | _aTiempos modernos | |
| 700 | 1 |
_aMustieles, Jorge Luis. _984713 |
|
| 830 | 0 |
_aTiempos modernos _9178583 |
|
| 852 |
_aES-MaACL _jL-18997 _bR.123139 |
||
| 999 |
_c11708 _d11708 |
||